000 00268nam a22001097a 4500
082 _a150/VIL
100 _aVilas, Shubha
_982817
245 _aTIMELESS TALES TO IGNITE YOUR MIND
260 _aMumbai
_bJaico Publishing House
_c2024
650 _aPhilosophy
942 _cBK
999 _c67540
_d67540